| 000 | 00545nam a22001937a 4500 | ||
|---|---|---|---|
| 005 | 20260622171428.0 | ||
| 010 | _aENG-148915 | ||
| 020 |
_a9798128808257 _c200.00 |
||
| 035 | _aEN-132447 | ||
| 037 | _bDBAD | ||
| 082 |
_a954.4 _21 |
||
| 100 |
_aRana, Bhawan Singh _989461 |
||
| 245 |
_aMaharana Pratap/ _cBhawan Singh Rana |
||
| 250 | _a1 | ||
| 260 |
_aNew Delhi _bDiamond Books _c2024 |
||
| 270 |
_ax-30, Okhla Industrial area, Phase -II _bNew Delhi _e110020 |
||
| 300 |
_a149p. _c22cm(pb) |
||
| 942 |
_2ddc _cEN _mRAN _h954.4 |
||
| 999 |
_c216777 _d216777 |
||